000 00541nam a2200217Ia 4500
003 OSt
005 20220928135455.0
006 a|||||r|||| 00| 0
007 ta
008 220927b |||||||| |||| 00| 0 eng d
024 _a2421
037 _cTextual
040 _aSDCL
_cSDCL
_beng
041 _2eng
_aeng
082 _aO-,1K08:g, K8
100 _aLow Sampson
_9490886
245 0 _aMilton
_b Giants of literature
260 _c1968
942 _hO-,1K08:g, K8
_cTEXL
_2CC
999 _c806232
_d806232